00509nam a22001697a 450000500170000000800410001704000070005804100120006508200220007710000350009924500610013426000490019530000260024465000180027065000160028870000350030420220718163619.0220718b ||||| |||| 00| 0 eng d cAL aEnglish 223a327.540bUNIP aUnited steelworkers of America aPolicy Resolutions of the United Steelworkers of America aNevadabUnited steelworkers of Americac1972 a107 p.bPBc22x15 cm. aUnion Mergers aUnion Label aUNITED STEELWORKERS OF AMERICA